Fourth Revolution and the Bottom Four Billion : Making Technologies Work for the Poor.

Bibliographic Details
Main Author: Kshetri, Nir.
Format: eBook
Language:English
Published: Ann Arbor : University of Michigan Press, 2023.
Edition:1st ed.
Subjects:
Online Access:Click to View
LEADER 01468nam a22003493i 4500
001 EBC30508034
003 MiAaPQ
005 20231204023230.0
006 m o d |
007 cr cnu||||||||
008 231204s2023 xx o ||||0 eng d
020 |a 9780472903214  |q (electronic bk.) 
020 |z 9780472055890 
035 |a (MiAaPQ)EBC30508034 
035 |a (Au-PeEL)EBL30508034 
040 |a MiAaPQ  |b eng  |e rda  |e pn  |c MiAaPQ  |d MiAaPQ 
082 0 |a 338.064091724 
100 1 |a Kshetri, Nir. 
245 1 0 |a Fourth Revolution and the Bottom Four Billion :  |b Making Technologies Work for the Poor. 
250 |a 1st ed. 
264 1 |a Ann Arbor :  |b University of Michigan Press,  |c 2023. 
264 4 |c Ã2023. 
300 |a 1 online resource (375 pages) 
336 |a text  |b txt  |2 rdacontent 
337 |a computer  |b c  |2 rdamedia 
338 |a online resource  |b cr  |2 rdacarrier 
588 |a Description based on publisher supplied metadata and other sources. 
590 |a Electronic reproduction. Ann Arbor, Michigan : ProQuest Ebook Central, 2023. Available via World Wide Web. Access may be limited to ProQuest Ebook Central affiliated libraries.  
655 4 |a Electronic books. 
776 0 8 |i Print version:  |a Kshetri, Nir  |t Fourth Revolution and the Bottom Four Billion  |d Ann Arbor : University of Michigan Press,c2023  |z 9780472055890 
797 2 |a ProQuest (Firm) 
856 4 0 |u https://ebookcentral.proquest.com/lib/matrademy/detail.action?docID=30508034  |z Click to View